000 00375nam a2200145 4500
001 136124
003 ES-MaACL
007 t|
008 070214s1954 sp r ||||1| spa d
100 1 _aRoyma, J.
_9100220
245 1 0 _aExtraños anhelos
_b: novela /
_cJ. Royma.
260 _aMadrid :
_bOsca,
_c1954.
300 _a224 p. ;
_c17 cm.
852 _aES-MaACL
_jC-8875
_bR.8875
999 _c136124
_d136124